书目信息 |
| 题名: |
教师职业技能训练
|
|
| 作者: | 胡肇开 , 陆军恒 主编 | |
| 分册: | ||
| 出版信息: | 北京 中国铁道出版社 1996 |
|
| 页数: | 226页 | |
| 开本: | 20cm | |
| 丛书名: | ||
| 单 册: | ||
| 中图分类: | G451.2 | |
| 科图分类: | ||
| 主题词: | 教师--人员结构 | |
| 电子资源: | ||
| ISBN: | 7-113-02417-3 | |
| 000 | 00627nam0 2200217 45 | |
| 001 | 0197005953 | |
| 005 | 20070703170029.40 | |
| 010 | @a7-113-02417-3@dCNY14.00 | |
| 100 | @a19970321d1996 em y0chiy0121 ea | |
| 101 | 0 | @achi |
| 102 | @aCN@b110000 | |
| 105 | @ay z 000yy | |
| 200 | 10 | @a教师职业技能训练@Ajiao shi zhi ye ji neng xun lian@f胡肇开,陆军恒主编@FHu Zhao Kai,Lu Jun Heng Zhu Bian |
| 210 | @a北京@c中国铁道出版社@d1996 | |
| 215 | @a226页@d20cm | |
| 606 | @a教师@x人员结构 | |
| 690 | @aG451.2@v3 | |
| 701 | 0 | @a胡肇开@4主编 |
| 701 | 0 | @a陆军恒@4主编 |
| 801 | 0 | @aCN@bNLC@c20070703 |
| 905 | @dG451.2@e10@f1@b274010 | |
| 教师职业技能训练/胡肇开,陆军恒主编.-北京:中国铁道出版社,1996 |
| 226页;20cm |
| ISBN 7-113-02417-3:CNY14.00 |
| ● |
| 相关链接 |
|
|
|
|
正题名:教师职业技能训练
索取号:G451.2/10
 
预约/预借
| 序号 | 登录号 | 条形码 | 馆藏地/架位号 | 状态 | 备注 |
| 1 | 0274009 | 002059088 | 第一样本阅览室/ [索取号:G451.2/10] | 在馆 | |
| 2 | 0274010 | 000458962 | 密集书库/ [索取号:G451.2/10] | 在馆 | |
| 3 | 0274011 | 000459042 | 密集书库/ [索取号:G451.2/10] | 在馆 | |
| 4 | 0274012 | 000458926 | 密集书库/ [索取号:G451.2/10] | 在馆 | |
| 5 | 0645025 | 206450259 | 库房3/ [索取号:G451.2/10] | 在馆 | |
| 6 | 0645026 | 206450268 | 库房3/ [索取号:G451.2/10] | 在馆 | |
| 7 | 0645027 | 206450277 | 库房3/ [索取号:G451.2/10] | 在馆 | |
| 8 | 0645028 | 206450286 | 库房3/ [索取号:G451.2/10] | 在馆 | |
| 9 | 0645029 | 206450295 | 库房3/ [索取号:G451.2/10] | 在馆 | |
| 10 | 0645030 | 206450302 | 库房3/ [索取号:G451.2/10] | 在馆 | |
| 11 | 0645031 | 206450311 | 库房3/ [索取号:G451.2/10] | 在馆 | |
| 12 | 0645032 | 206450320 | 库房3/ [索取号:G451.2/10] | 在馆 | |
| 13 | 0645033 | 206450339 | 库房3/ [索取号:G451.2/10] | 在馆 | |
| 14 | 0645034 | 206450348 | 库房3/ [索取号:G451.2/10] | 在馆 | |
| 15 | 0645035 | 206450357 | 库房3/ [索取号:G451.2/10] | 在馆 | |
| 16 | 0645036 | 206450366 | 库房3/ [索取号:G451.2/10] | 在馆 | |
| 17 | 0645037 | 206450375 | 库房3/ [索取号:G451.2/10] | 在馆 | |
| 18 | 0645038 | 206450384 | 库房3/ [索取号:G451.2/10] | 在馆 | |
| 19 | 0645039 | 206450393 | 库房3/ [索取号:G451.2/10] | 在馆 | |
| 20 | 0645040 | 206450400 | 库房3/ [索取号:G451.2/10] | 在馆 | |
| 21 | 0645041 | 206450419 | 库房3/ [索取号:G451.2/10] | 在馆 | |
| 22 | 0645042 | 206450428 | 库房3/ [索取号:G451.2/10] | 在馆 | |
| 23 | 0645043 | 206450437 | 库房3/ [索取号:G451.2/10] | 在馆 | |
| 24 | 0645044 | 206450446 | 库房3/ [索取号:G451.2/10] | 在馆 | |
| 25 | 0645045 | 206450455 | 库房3/ [索取号:G451.2/10] | 在馆 | |
| 26 | 0645046 | 206450464 | 库房3/ [索取号:G451.2/10] | 在馆 | |
| 27 | 0645047 | 206450473 | 库房3/ [索取号:G451.2/10] | 在馆 | |
| 28 | 0645048 | 206450482 | 库房3/ [索取号:G451.2/10] | 在馆 | |
| 29 | 0645049 | 206450491 | 库房3/ [索取号:G451.2/10] | 在馆 | |
| 30 | 0645050 | 206450507 | 库房3/ [索取号:G451.2/10] | 在馆 | |
| 31 | 0645051 | 206450516 | 库房3/ [索取号:G451.2/10] | 在馆 | |
| 32 | 0645052 | 206450525 | 库房3/ [索取号:G451.2/10] | 在馆 | |
| 33 | 0645053 | 206450534 | 库房3/ [索取号:G451.2/10] | 在馆 | |
| 34 | 0654945 | 206549458 | 库房3/ [索取号:G451.2/10] | 在馆 | |
| 35 | 0765586 | 207655866 | 密集书库/ [索取号:G451.2/10] | 在馆 |